| 000 | 00660nam a2200193 i 4500 | ||
|---|---|---|---|
| 001 | 8952 | ||
| 003 | ES-MaACL | ||
| 005 | 20230906145554.0 | ||
| 007 | t| | ||
| 008 | 921117s1991 sp ||||1| spa d | ||
| 020 | _a84-260-2125-5 | ||
| 080 | _a378.4(46)"1988/1989" | ||
| 245 | 0 | 0 |
_aEstadística de la enseñanza universitaria en España _b: curso 1988-89 / _cInstituto Nacional de Estadística. |
| 260 |
_aMadrid : _bInstituto Nacional de Estadística, _c1991. |
||
| 300 |
_a189 p. ; _c30 cm. |
||
| 650 | 4 |
_aEnseñanza superior- _zEspaña- _vEstadísticas. _912274 |
|
| 710 | 2 |
_aInstituto Nacional de Estadística (España) _95162 |
|
| 852 |
_aES-MaACL _jL-16404 |
||
| 999 |
_c8952 _d8952 |
||